[Event "Wch U12 Girls"]
[Site "Batumi"]
[Date "2022.09.20"]
[Round "5"]
[White "Mateeva, Yana"]
[Black "Kiss, Inez"]
[Result "0-1"]
[WhiteElo "1306"]
[BlackElo "1544"]
[PlyCount "80"]
[EventDate "2022.09.16"]
[EventType "swiss"]
[EventRounds "11"]
[EventCountry "GEO"]
[SourceTitle "EXT 2023"]
[Source "ChessBase"]
[SourceDate "2022.10.05"]
[SourceVersion "1"]
[SourceVersionDate "2022.10.05"]
[SourceQuality "1"]

1. d4 d5 2. Bf4 c5 3. e3 cxd4 4. exd4 Nf6 5. Nc3 Bg4 6. Be2 Bf5 7. Nb5 Na6 8. Nf3 e6 9. 0-0 Be7 10. a3 0-0 11. Bd3 Bxd3 12. Qxd3 Ne8 13. Ne5 Nd6 14. Nxd6 Bxd6 15. Qg3 Nb8 16. Rfe1 Bxe5 17. Bxe5 g6 18. Qf4 Nd7 19. Bc7 Qf6 20. Qd6 Nb8 21. c3 Na6 22. Re3 Nxc7 23. Qxc7 b6 24. Rf3 Qd8 25. Qf4 h5 26. Qh6 Re8 27. Rg3 h4 28. Rg4 Qf6 29. Rxh4 Qg7 30. Qg5 f6 31. Qg4 Kf7 32. Re1 f5 33. Qg5 Rh8 34. Rf4 Rh5 35. Qg3 Rah8 36. h3 g5 37. Rf3 g4 38. Qc7+ Kf8 39. Qc8+ Ke7 40. Rxe6+ Kf7 0-1